عرض عادي
عرض مارك
- Electronic books.
مدخل تقسيم شكلي
001 - رقم الضبط
- حقل الضبط: 89126
003 - معرف رقم الضبط
- حقل الضبط: OSt
005 - تاريخ ووقت أخر عملية
- حقل الضبط: 20220213140036.0
008 - عناصر بيانات ثابتة الطول
- حقل تحكم ثابت الطول: 220213|| aca||aabn | a|a d
040 ## - مصدر الفهرسة
- هيئة الفهرسة الأصلية: OSt
- وكالة الكتابة: OSt
155 ## - الراس-نوع ادبي/مصطلح شكلي
- النوع الادبي/المصطلح الشكلي: Electronic books.
670 ## - بيانات المصدر موجوده
- الاستشهاد بالمصدر: Work cat.: (OSt)0: HEAGNEY, Joseph, author 89125, Fundamentals of Project Management, 4th Edition
